000 00230nam a2200097Ia 4500
005 20251222114357.0
008 251222s1900||||xx |||||||||||||| ||spa||
082 _aDVD0070/C28/2005
245 0 _aJoyeux Noel:Feliz navidad
942 _cDVD
999 _c1472
_d1472